Name These Gen X Famous Faces - Statistics

General Stats
  • This quiz has been taken 67 times
    59 since last reset
  • The average score is 17 of 30
Answer Stats
Picture Answer % Correct
Leonardo Dicaprio
96%
Will Smith
90%
Snoop Dogg
88%
Kurt Cobain
85%
Winona Ryder
85%
Eminem
81%
Jennifer Aniston
81%
Keanu Reeves
79%
Tupac Shakur
77%
Janet Jackson
69%
Jimmy Fallon
69%
Drew Barrymore
67%
Ethan Hawke
63%
Sinead O'Conner
60%
Dave Chappelle
54%
Matthew Broderick
50%
Molly Ringwald
50%
Jordan Peele
46%
Lauryn Hill
44%
Maya Rudolph
44%
Christian Slater
42%
John Cusack
42%
Christina Applegate
38%
Kevin Smith
38%
L.L. Cool J
38%
Lisa Bonet
33%
Adam Horovitz
27%
Rachel Maddow
25%
Bridget Fonda
23%
J.J. Abrams
17%
No matching quizzes found
Score Distribution
Percent of People with Each Score
Percentile by Number Answered
Your Score History
You have not taken this quiz since the last reset